000
00221nam a22000857a 4500
008
170623b xxu||||| |||| 00| 0 eng d
100
_9
3644
_a
Trent Setters & Book
245
_a
English Destination - I
260
_a
New Delhi
_c
2009
999
_c
7039
_d
7039